Catalog

Record Details

Catalog Search



Viper game  Cover Image Book Book

Viper game / Christine Feehan.

Feehan, Christine, (author.).

Summary:

GhostWalker Wyatt Fontenot, the subject of a secret military experiment that gave him special catlike abilities, returns home to the bayou and helps the mysterious Le Poivre de Cayenne protect three girls from a deadly enemy.

Record details

  • ISBN: 9780515155549
  • ISBN: 0515155543
  • Physical Description: 433 pages : illustrations ; 18 cm.
  • Edition: Jove mass-market edition.
  • Publisher: New York : Jove Books, ©2015.
Subject: Parapsychologists > Fiction.
Bayous > Fiction.
Genre: Paranormal fiction.
Romantic suspense fiction.

LDR 01357nam a2200349Ii 4500
001147567
003CONS
00520180614105257.0
008140710s2015 nyua 000 1 eng d
020 . ‡a9780515155549 ‡q(paperback)
020 . ‡a0515155543 ‡q(paperback)
035 . ‡a(CPomAG)LMN607077
05014. ‡aPS3606.E36 ‡bV56 2015b
08204. ‡a813/.6 ‡223
1001 . ‡aFeehan, Christine, ‡eauthor.
24510. ‡aViper game / ‡cChristine Feehan.
250 . ‡aJove mass-market edition.
264 1. ‡aNew York : ‡bJove Books, ‡c©2015.
300 . ‡a433 pages : ‡billustrations ; ‡c18 cm.
336 . ‡atext ‡btxt ‡2rdacontent
337 . ‡aunmediated ‡bn ‡2rdamedia
338 . ‡avolume ‡bnc ‡2rdacarrier
4901 . ‡aGhostWalker ; ‡v11.
520 . ‡aGhostWalker Wyatt Fontenot, the subject of a secret military experiment that gave him special catlike abilities, returns home to the bayou and helps the mysterious Le Poivre de Cayenne protect three girls from a deadly enemy.
650 0. ‡aParapsychologists ‡vFiction.
650 0. ‡aBayous ‡vFiction.
655 7. ‡aParanormal fiction. ‡2lcgft
655 7. ‡aRomantic suspense fiction. ‡2gsafd
8001 . ‡aFeehan, Christine. ‡tGhostWalker ; ‡v11.
914 . ‡aSCP_kt
959 . ‡i32269001067829 ‡lF Fee ‡aAdult - Fiction ‡tFiction ‡g8.00
852 . ‡p32269001067829 ‡jF Fee ‡gAdult - Fiction ‡cFiction ‡y8.00 ‡bSBPL
901 . ‡a147567 ‡bUnknown ‡c147567 ‡tbiblio

Additional Resources